000 00369 a2200157 4500
001 76122
020 _a9788547236645
040 _cAnchieta - Colégio São Paulo
100 _aReame, Eliane
240 1 0 _aLigamundo: matemática, 2º ano
_lpor
245 1 0 _aLigamundo: matemática, 2º ano
300 _a224
362 0 _a2018
650 4 _aMatemática
942 _cBK
999 _c76122
_d76122